LEADER 01532nam a2200229 i 4500 001 000000240938 003 CaOOAMICUS 005 20150416000000.0 008 150416s1971 it u000 u ita u 013 $a219843 040 $aSeMil$bita 100 1 $aRonza, Robi,$d<1941- >.$0(OLS)http://semarc/name/20705 245 13$aLa Comunione come proposta politica /$cRobi Ronza e altri autori. 246 04$iTitolo in copertina:$aLa comunione come proposta politica : esperienza cristiana e liberazione dell'uomo le ragioni di un impegno e di una scelta per il socialismo. Libro bianco sulle iniziative politiche e sociali assunte a Varese dal Club Guernica, da «Comunione e Liberazione» e da «Gioventů studentesca» 260 $aVarese :$bLibreria Cooperativa Campoquattro Editrice,$ccopyr. 1971. 300 $a193 p. ;$c23 cm. 500 $aContiene : Appendice ; Scheda bibliografica. 850 $aSeMil 852 $aSeMil$W1$xVenegono$y1$m3N III 227$j191284$B191284$CSeMilBibl$Z2$F202105 $81 996 $6245$aLa Comunione come proposta politica$9(OLS)http://semarc/title/342542 996 $6246$aLa comunione come proposta politica : esperienza cristiana e liberazione dell'uomo le ragioni di un impegno e di una scelta per il socialismo. Libro bianco sulle iniziative politiche e sociali assunte a Varese dal Club Guernica, da «Comunione e Liberazione» e da «Gioventů studentesca»$9(OLS)http://semarc/title/342543 996 $6260$aVarese :$bLibreria Cooperativa Campoquattro Editrice$9(OLS)http://semarc/publisher/54510 LEADER 00894nam a2200229 i 4500 001 000000159632 003 CaOOAMICUS 005 20110413000000.0 008 110413s1903 it u000 u ita u 013 $a136995 040 $aSeMil$bita 100 1 $aCervesato, Arnaldo,$d<1872-1944>.$0(OLS)http://semarc/name/35315 245 13$aIl caso dell'abate Loisy e il Vaticano /$cArnaldo Cervesato. 260 $a[S.l. :$bs.n.],$c1903. 300 $aP. 162-176 ;$c24 cm. 500 $aEstratto da rivista non rilevata. 600 14$aLoisy, Alfred <1857-1940>.$0(OLS)http://semarc/subject/9331 773 0 $t[Miscellanea.$w()24748 850 $aSeMil 852 $aSeMil$W1$xVenegono$y1$m5A II 19/9 FA$j248164$B111189$CSeMilBibl$Z2$F120827 $8I 996 $6245$aIl caso dell'abate Loisy e il Vaticano$9(OLS)http://semarc/title/141798 996 $6260$a[S.l. :$bs.n.]$9(OLS)http://semarc/publisher/29751